| 000 | 00699cab a2200217 4500 | ||
|---|---|---|---|
| 001 | WB2822-76 | ||
| 008 | 090401t1992 xxu||||| |||| 00| 0 eng d | ||
| 035 | _a(Sirsi) u26876 | ||
| 041 | _aeng | ||
| 245 | _aFarm rents in England | ||
| 260 | _c1992 | ||
| 350 | _a0 | ||
| 490 |
_aCS Monthly : Rural Practice _v1(9) June 1992, 2(1) |
||
| 520 | _aThe average rent on agricultural land in England rose between mid-October 1990 and mid-October 1991 from £99.41 to £100.39 per hectare according to MAFF`s "1991 Annual rent enquiry". | ||
| 650 | _aFARM RENTS | ||
| 650 | _aFARMLAND | ||
| 650 | _aMAFF ANNUAL RENT ENQUIRY 1991 | ||
| 690 | _aRURAL PRACTICE | ||
| 942 | _n0 | ||
| 948 | _c04/03/1997 | ||
| 999 |
_c18104 _d18104 |
||